005020000a220008500045001000020000002450023000203000046000435200282000897730045003711 aJunca, Humberto10aMecánica popular aVol.0, núm.20 (Mayo, 2007), Página 20 aAunque prefiere no llamarlas máquinas, quizá no hay mejor manera de hablar de las obras de la joven artista bogotana. Brazos que chocan copas o perillas que hacen fumar le han abierto un lugar en la próxima Feria de Arte de Buenos Aires. ¿De dónde salió esta idea?0 tArcadia / Andrés Felipe Solano, Editor